[Event "Nuremberg-ch op 05th"]
[Site "Nuremberg"]
[Date "2005.05.07"]
[Round "3"]
[White "Kretschmer, Lorenz"]
[Black "Hoefer, Horst"]
[Result "1-0"]
[WhiteElo "1785"]
[BlackElo "1558"]
[PlyCount "101"]
[EventDate "2005.05.06"]
[EventType "swiss"]
[EventRounds "5"]
[EventCountry "GER"]
[SourceTitle "EXT 2007"]
[Source "ChessBase"]
[SourceDate "2006.11.23"]
[SourceVersion "1"]
[SourceVersionDate "2006.11.23"]
[SourceQuality "1"]

1. c4 e5 2. Nc3 Nf6 3. g3 c6 4. d4 exd4 5. Qxd4 d6 6. Bg2 Be7 7. Nf3 Be6 8. 0-0 0-0 9. e4 Nbd7 10. Ng5 Bg4 11. h3 Bh5 12. Be3 h6 13. Nf3 Qc7 14. Nh4 Ne8 15. Nf5 Bf6 16. Qd2 Ne5 17. b3 Rd8 18. f4 Nd7 19. Rac1 Bg6 20. Nd4 Bxd4 21. Qxd4 b6 22. f5 Bh7 23. g4 f6 24. Ne2 Rf7 25. Nf4 Nf8 26. Rfd1 Rfd7 27. b4 c5 28. Qd5+ Kh8 29. b5 Bg8 30. Qd2 Bf7 31. h4 Kg8 32. Bh1 Re7 33. Rc2 Nd7 34. Nd5 Bxd5 35. Qxd5+ Kf8 36. Bf4 Ne5 37. g5 fxg5 38. hxg5 hxg5 39. Rh2 Nf7 40. Bxg5 Nf6 41. Bxf6 gxf6 42. Kf2 Re5 43. Qd3 Ng5 44. Rg1 Qf7 45. Rh8+ Ke7 46. Rxd8 Kxd8 47. Qxd6+ Ke8 48. Rxg5 fxg5 49. Qxe5+ Qe7 50. Qxe7+ Kxe7 51. e5 1-0

[Event "Nuremberg-ch op 05th"]
[Site "Nuremberg"]
[Date "2005.05.06"]
[Round "1"]
[White "Bosch, Karl"]
[Black "Hoefer, Horst"]
[Result "1-0"]
[WhiteElo "1998"]
[BlackElo "1558"]
[PlyCount "57"]
[EventDate "2005.05.06"]
[EventType "swiss"]
[EventRounds "5"]
[EventCountry "GER"]
[SourceTitle "EXT 2007"]
[Source "ChessBase"]
[SourceDate "2006.11.23"]
[SourceVersion "1"]
[SourceVersionDate "2006.11.23"]
[SourceQuality "1"]

1. Nc3 e5 2. d4 exd4 3. Qxd4 Nc6 4. Qa4 Nf6 5. Bg5 Be7 6. Nf3 d6 7. e3 Bd7 8. Qh4 h6 9. 0-0-0 Nh7 10. Bxe7 Qxe7 11. Qg3 0-0 12. Nd5 Qd8 13. a3 Nf6 14. Qf4 Nxd5 15. Rxd5 Be6 16. Rh5 Ne7 17. g4 Ng6 18. Qg3 Qd7 19. h3 Qc6 20. Bb5 Qe4 21. Rd1 b6 22. Rd4 Qb7 23. g5 hxg5 24. Nxg5 Qc8 25. Bc4 Bxc4 26. Rxc4 Qd7 27. Rch4 Nxh4 28. Rh8+ Kxh8 29. Qxh4+ 1-0

[Event "Mittelfranken-chT 0405"]
[Site "Germany"]
[Date "2004.10.17"]
[Round "1.2"]
[White "Kirchner, Norbert"]
[Black "Hoefer, Horst"]
[Result "1-0"]
[WhiteElo "2066"]
[BlackElo "1631"]
[PlyCount "77"]
[EventDate "2004.10.17"]
[EventType "team"]
[EventRounds "9"]
[EventCountry "GER"]
[SourceTitle "EXT 2007"]
[Source "ChessBase"]
[SourceDate "2006.11.23"]
[SourceVersion "1"]
[SourceVersionDate "2006.11.23"]
[SourceQuality "1"]

1. e4 c5 2. Nf3 d6 3. Bc4 e6 4. c3 Nf6 5. d3 Qc7 6. 0-0 Be7 7. Bf4 Nc6 8. Nbd2 0-0 9. d4 e5 10. Be3 Bg4 11. d5 Nd8 12. h3 Bh5 13. Qc2 a6 14. a4 b6 15. Nh4 Bg6 16. f4 exf4 17. Bxf4 Nd7 18. Nxg6 fxg6 19. Rae1 Kh8 20. Qd3 a5 21. Qg3 Nf7 22. Bb5 Nde5 23. Re2 Qd8 24. Nc4 Nxc4 25. Bxc4 g5 26. Bd2 Bf6 27. Ref2 Qe7 28. Bb5 h6 29. Qg4 Ne5 30. Qf5 Rf7 31. Be2 g6 32. Qe6 Raf8 33. Rxf6 Qxe6 34. Rxe6 Rxf1+ 35. Bxf1 Rd8 36. c4 Kg7 37. Bc3 Kf7 38. Bxe5 dxe5 39. Rxb6 1-0

[Event "Seebach op 15th"]
[Site "Grossenseebach"]
[Date "2004.06.17"]
[Round "5"]
[White "Borel, Markus"]
[Black "Hoefer, Horst"]
[Result "1-0"]
[WhiteElo "1921"]
[BlackElo "1622"]
[PlyCount "63"]
[EventDate "2004.06.17"]
[EventType "swiss"]
[EventRounds "7"]
[EventCountry "GER"]
[SourceTitle "EXT 2018"]
[Source "ChessBase"]
[SourceDate "2017.10.13"]
[SourceVersion "1"]
[SourceVersionDate "2017.10.13"]
[SourceQuality "1"]

1. e4 c6 2. d4 d5 3. e5 Bf5 4. h4 h6 5. g4 Bh7 6. e6 fxe6 7. Bd3 Bxd3 8. Qxd3 Nf6 9. Qg6+ Kd7 10. Nf3 Kc8 11. Ne5 Qa5+ 12. Nd2 Nbd7 13. Nf7 Rg8 14. g5 hxg5 15. hxg5 Ne4 16. Qxe6 Nxd2 17. Bxd2 Qc7 18. Ne5 b6 19. Nxd7 Qxd7 20. Qxg8 Kb7 21. 0-0-0 Qf5 22. Rde1 a5 23. Qe6 Qxf2 24. Qd7+ Ka6 25. Qxc6 Rd8 26. Rhf1 Qxd4 27. Be3 Qb4 28. a3 Qb5 29. Qxb5+ Kxb5 30. Bd4 Re8 31. Re6 Rb8 32. Rf7 1-0

[Event "Seebach op 15th"]
[Site "Grossenseebach"]
[Date "2004.06.17"]
[Round "1"]
[White "Hoefer, Horst"]
[Black "Kaspar, Willi"]
[Result "1/2-1/2"]
[WhiteElo "1622"]
[BlackElo "1927"]
[PlyCount "75"]
[EventDate "2004.06.17"]
[EventType "swiss"]
[EventRounds "7"]
[EventCountry "GER"]
[SourceTitle "EXT 2018"]
[Source "ChessBase"]
[SourceDate "2017.10.13"]
[SourceVersion "1"]
[SourceVersionDate "2017.10.13"]
[SourceQuality "1"]

1. c4 f5 2. Nc3 Nf6 3. g3 e6 4. Bg2 Bb4 5. e3 0-0 6. Nge2 c6 7. 0-0 Na6 8. d4 d5 9. c5 b6 10. cxb6 axb6 11. a3 Be7 12. Bd2 Bd7 13. Rc1 Qe8 14. Nf4 Rb8 15. Qe2 Nc7 16. Nd3 Bc8 17. Rfd1 Ba6 18. Be1 c5 19. dxc5 bxc5 20. Qc2 c4 21. Ne5 Ne4 22. Na2 Bf6 23. f4 Rb3 24. Nc3 Bxe5 25. fxe5 Qb8 26. Rb1 Nb5 27. Nxb5 Bxb5 28. Bxe4 fxe4 29. Bc3 Ba4 30. Qe2 Qe8 31. Rf1 Rb7 32. Bb4 Rxf1+ 33. Rxf1 Rf7 34. Rxf7 Qxf7 35. Qf2 Qf5 36. Qxf5 exf5 37. e6 g5 38. Be7 1/2-1/2

[Event "Seebach op 15th"]
[Site "Grossenseebach"]
[Date "2004.06.17"]
[Round "6"]
[White "Hoefer, Horst"]
[Black "Quaschner, Tobias"]
[Result "1/2-1/2"]
[WhiteElo "1622"]
[BlackElo "1354"]
[PlyCount "85"]
[EventDate "2004.06.17"]
[EventType "swiss"]
[EventRounds "7"]
[EventCountry "GER"]
[SourceTitle "EXT 2018"]
[Source "ChessBase"]
[SourceDate "2017.10.13"]
[SourceVersion "1"]
[SourceVersionDate "2017.10.13"]
[SourceQuality "1"]

1. e4 c5 2. Nf3 e6 3. d4 cxd4 4. Nxd4 Nf6 5. Nc3 Qb6 6. Nb3 Qc7 7. Bd3 a6 8. 0-0 Nc6 9. Kh1 Be7 10. f4 0-0 11. e5 Ne8 12. Qh5 h6 13. Rf3 d6 14. Rg3 Nb4 15. Ne4 Nxd3 16. cxd3 d5 17. Nf6+ Nxf6 18. exf6 Bxf6 19. Qxh6 g6 20. Rh3 Rd8 21. Rg3 Bg7 22. Qg5 Bd7 23. h4 Be8 24. d4 Qc2 25. Rc3 Qf5 26. Qxf5 gxf5 27. Be3 Rdc8 28. Rac1 Bd7 29. Rc7 Rxc7 30. Rxc7 Bc6 31. Nc5 Ra7 32. Nd7 Bxd7 33. Rxd7 Bf6 34. g3 a5 35. b3 Kf8 36. Kg2 Ke8 37. Rc7 Bd8 38. Rc1 Kd7 39. Kh3 Ra8 40. g4 Be7 41. g5 Rh8 42. Kg3 Rh5 43. Bd2 1/2-1/2

[Event "Mittelfranken-ch Seniors 52nd"]
[Site "Uttenreuth"]
[Date "2003.04.18"]
[Round "6"]
[White "Mueller, Rudolf2222"]
[Black "Hoefer, Horst"]
[Result "1/2-1/2"]
[WhiteElo "1897"]
[BlackElo "1640"]
[PlyCount "57"]
[EventDate "2003.04.??"]
[EventType "swiss"]
[EventRounds "7"]
[EventCountry "GER"]
[SourceTitle "EXT 2006"]
[Source "ChessBase"]
[SourceDate "2005.11.24"]
[SourceVersion "1"]
[SourceVersionDate "2005.11.24"]
[SourceQuality "1"]

1. d4 Nf6 2. Nf3 e6 3. Nbd2 d5 4. e3 c5 5. c3 Nc6 6. Bd3 c4 7. Bc2 Bd7 8. Ne5 b5 9. f4 h5 10. 0-0 Nxe5 11. fxe5 Ng4 12. Nf3 g6 13. h3 Nh6 14. e4 Be7 15. exd5 exd5 16. Bxh6 Rxh6 17. Qd2 Rh8 18. e6 Bxe6 19. Rae1 Qd6 20. Ne5 0-0-0 21. Nxf7 Bxf7 22. Rxf7 Bh4 23. Ref1 Kb8 24. a4 a6 25. axb5 axb5 26. Ra1 Rde8 27. Rfa7 Qg3 28. Ra8+ Kb7 29. R1a7+ 1/2-1/2

[Event "Mittelfranken-ch Seniors 52nd"]
[Site "Uttenreuth"]
[Date "2003.04.16"]
[Round "1"]
[White "Leuschner, Guenter"]
[Black "Hoefer, Horst"]
[Result "1-0"]
[WhiteElo "1954"]
[BlackElo "1640"]
[PlyCount "46"]
[EventDate "2003.04.??"]
[EventType "swiss"]
[EventRounds "7"]
[EventCountry "GER"]
[SourceTitle "EXT 2006"]
[Source "ChessBase"]
[SourceDate "2005.11.24"]
[SourceVersion "1"]
[SourceVersionDate "2005.11.24"]
[SourceQuality "1"]

1. e4 c5 2. Nf3 d6 3. d4 cxd4 4. Nxd4 Nf6 5. Nc3 a6 6. a4 e6 7. Be3 Nc6 8. Be2 Be7 9. 0-0 0-0 10. Kh1 Bd7 11. Nb3 Ne5 12. f4 Ng6 13. a5 Bc6 14. Nd4 Qd7 15. Nxc6 bxc6 16. Qd3 Rfd8 17. Bb6 Rdb8 18. Rad1 Ne8 19. Na4 Qb7 20. c4 Bd8 21. c5 d5 22. e5 Bxb6 23. cxb6 Qe7 1-0

[Event "Erlangen op 18th"]
[Site "Erlangen"]
[Date "2003.??.??"]
[Round "4"]
[White "Hoefer, Horst"]
[Black "Buehrle, Andreas"]
[Result "1-0"]
[WhiteElo "1790"]
[BlackElo "1478"]
[PlyCount "66"]
[EventDate "2003.11.??"]
[EventType "swiss"]
[EventRounds "5"]
[EventCountry "GER"]
[SourceTitle "EXT 2005"]
[Source "ChessBase"]
[SourceDate "2004.11.15"]
[SourceVersion "1"]
[SourceVersionDate "2004.11.15"]
[SourceQuality "1"]

1. e4 c5 2. Nf3 e6 3. d4 cxd4 4. Nxd4 a6 5. Bd3 Nf6 6. 0-0 Qc7 7. Be3 b5 8. Nd2 Bb7 9. f4 d6 10. Qe2 Nbd7 11. Rac1 Rc8 12. c4 b4 13. N4b3 Nc5 14. Nxc5 dxc5 15. e5 Nd7 16. Qg4 g6 17. Ne4 Bxe4 18. Bxe4 Bg7 19. Qf3 Rd8 20. Bc6 0-0 21. Rcd1 Nb8 22. Ba4 Rc8 23. Qf2 Qb6 24. Rd6 Qa5 25. b3 Rc7 26. Rfd1 Rfc8 27. Rd8+ Rxd8 28. Rxd8+ Bf8 29. Qh4 Kg7 30. Qf6+ Kg8 31. f5 Nc6 32. Bxc6 Rxc6 33. Bh6 exf5 1-0

[Event "Mittelfranken-ch Seniors 51st"]
[Site "Zirndorf"]
[Date "2002.??.??"]
[Round "2"]
[White "Hoefer, Horst"]
[Black "Ludwig, Ines"]
[Result "1/2-1/2"]
[WhiteElo "1615"]
[BlackElo "1450"]
[PlyCount "151"]
[EventDate "2002.03.??"]
[EventType "swiss"]
[EventRounds "7"]
[EventCountry "GER"]
[SourceTitle "EXT 2006"]
[Source "ChessBase"]
[SourceDate "2005.11.24"]
[SourceVersion "1"]
[SourceVersionDate "2005.11.24"]
[SourceQuality "1"]

1. e4 c5 2. Nf3 d6 3. d4 cxd4 4. Qxd4 Nc6 5. Bb5 a6 6. Bxc6+ bxc6 7. c4 e5 8. Qd3 h6 9. 0-0 Bb7 10. Nc3 Nf6 11. Rd1 Be7 12. h3 Qc7 13. Be3 Rd8 14. Rac1 0-0 15. Nh2 Bc8 16. Qe2 a5 17. f4 exf4 18. Bxf4 Qb6+ 19. Be3 Qa6 20. b3 Be6 21. Nf3 Nh7 22. Qf2 f5 23. Qg3 Kh8 24. Nd4 Bd7 25. Rf1 Qc8 26. Nxf5 Bxf5 27. exf5 Rxf5 28. Rxf5 Qxf5 29. Bd4 Nf6 30. Re1 Bf8 31. Rf1 Qe6 32. Re1 Qf7 33. Rf1 Be7 34. Bb6 Ra8 35. Bc7 Qe6 36. Re1 Qd7 37. Bb6 c5 38. Na4 Bf8 39. Qc3 Qc6 40. Qf3 Qxf3 41. gxf3 Nd7 42. Re6 Kg8 43. f4 Kf7 44. f5 Be7 45. Bc7 Ra6 46. Nc3 Nf8 47. Re2 Bf6 48. Nd5 Be5 49. Bd8 a4 50. Nc7 Ra7 51. Nb5 Ra8 52. Bc7 axb3 53. axb3 Ra6 54. Bd8 Nd7 55. Bh4 Nb6 56. Bf2 Nc8 57. Bxc5 Kf6 58. Bd4 Kxf5 59. Rf2+ Ke6 60. Nc7+ Ke7 61. Nxa6 Bxd4 62. Kg2 Bxf2 63. Kxf2 Nb6 64. Kf3 Nd7 65. Kf4 g6 66. h4 Ne5 67. Nc7 Nd3+ 68. Ke3 Kd7 69. Nd5 Ne5 70. Kf4 Kc6 71. Ne7+ Kc5 72. Nc8 Nf7 73. Ne7 g5+ 74. hxg5 hxg5+ 75. Kf5 Kb4 76. Nc8 1/2-1/2

[Event "Mittelfranken-ch Seniors 51st"]
[Site "Zirndorf"]
[Date "2002.??.??"]
[Round "4"]
[White "Hoefer, Horst"]
[Black "Narr, Irmgard"]
[Result "1-0"]
[WhiteElo "1615"]
[BlackElo "1327"]
[PlyCount "79"]
[EventDate "2002.03.??"]
[EventType "swiss"]
[EventRounds "7"]
[EventCountry "GER"]
[SourceTitle "EXT 2006"]
[Source "ChessBase"]
[SourceDate "2005.11.24"]
[SourceVersion "1"]
[SourceVersionDate "2005.11.24"]
[SourceQuality "1"]

1. e4 e6 2. d4 d5 3. e5 c5 4. c3 Nc6 5. Bb5 Bd7 6. Nf3 Qb6 7. Bxc6 Bxc6 8. 0-0 Ne7 9. a4 Nf5 10. Na3 a6 11. Nc2 Be7 12. Ne3 cxd4 13. Nxf5 exf5 14. Nxd4 Bd7 15. a5 Qg6 16. f4 h5 17. Qf3 Bc6 18. Re1 h4 19. b4 h3 20. g3 Bh4 21. Kh1 Be7 22. Ra2 Rd8 23. Rae2 0-0 24. Kg1 Bb5 25. Nxb5 axb5 26. Qd3 Qc6 27. Bd2 g6 28. Be3 Kh7 29. Bb6 Rc8 30. Bd4 Rfe8 31. Qf3 Bf8 32. Qf1 Re6 33. Qxh3+ Kg7 34. g4 fxg4 35. Qxg4 Kh7 36. Re3 Bh6 37. Rh3 Rg8 38. Qg5 Rg7 39. Qxh6+ Kg8 40. Qh8# 1-0

[Event "Mittelfranken-ch Seniors 51st"]
[Site "Zirndorf"]
[Date "2002.??.??"]
[Round "7"]
[White "Wassner, Karl"]
[Black "Hoefer, Horst"]
[Result "0-1"]
[WhiteElo "1467"]
[BlackElo "1615"]
[PlyCount "64"]
[EventDate "2002.03.??"]
[EventType "swiss"]
[EventRounds "7"]
[EventCountry "GER"]
[SourceTitle "EXT 2006"]
[Source "ChessBase"]
[SourceDate "2005.11.24"]
[SourceVersion "1"]
[SourceVersionDate "2005.11.24"]
[SourceQuality "1"]

1. e4 c6 2. d4 d5 3. exd5 cxd5 4. Nf3 Bg4 5. Be2 Nc6 6. h3 Bh5 7. 0-0 e6 8. a3 Be7 9. c3 Nf6 10. Bf4 0-0 11. Ne5 Bxe2 12. Qxe2 Rc8 13. Nd2 Qb6 14. Ndf3 Rfd8 15. Bh2 Ne4 16. Nxc6 Rxc6 17. Ne5 Rcc8 18. f3 Nd6 19. Kh1 Nc4 20. Nd3 Bg5 21. f4 Bf6 22. f5 Re8 23. Qf2 exf5 24. Rae1 g6 25. g4 Rxe1 26. Rxe1 fxg4 27. Nb4 gxh3 28. Rf1 Re8 29. Kg1 Qe6 30. Bg3 Bg5 31. Bf4 Qg4+ 32. Kh2 Bxf4+ 0-1